Personnages historiques en images commençant par un A. - Statistiques

Statistiques générales
  • Ce quiz a été pris 1 420 fois
  • Le résultat moyen est 7 sur 11
Statistiques - réponses
Par images Hint Réponse % Correct
Premier homme sur la Lune Neil Armstrong
94%
Philosophe Grec Aristote
92%
Roi de Macédoine Alexandre le Grand
84%
Chef Huns Attila
83%
Empereur romain Auguste
76%
Père de 3 religions Abraham
63%
Leader de guerre Jeanne d'Arc
61%
Reine de France puis d'Angleterre Aliénor d'Aquitaine
47%
Auteur de la Divine Comédie Dante Alighieri
38%
Philosophe des Lumières Jean d'Alembert
25%
Auteur des Aventures de Télémaque Louis Aragon
10%
Aucun quiz correspondant
Distribution des résultats
% des personnes avec chaque résultat
Percentile par nombre de réponses
Votre historique - résultats
Vous n’avez pas pris ce quiz